Sangharshaka sathi varsha; Nepali vidyarthi andolanko gaurabshali itihas (Record no. 43461)
[ view plain ]
| 000 -LEADER | |
|---|---|
| fixed length control field | 005900000a22002410004500 |
| 082 ## - DEWEY DECIMAL CLASSIFICATION NUMBER | |
| Classification number | N321.094 |
| Item number | D237s |
| -- | N |
| 020 ## - INTERNATIONAL STANDARD BOOK NUMBER | |
| International Standard Book Number | 978-99946-2-777-6 |
| 041 ## - LANGUAGE CODE | |
| Language code of text/sound track or separate title | Nep |
| 015 ## - NATIONAL BIBLIOGRAPHY NUMBER | |
| National bibliography number | NNB |
| 100 ## - MAIN ENTRY--PERSONAL NAME | |
| Personal name | Dangi, Shiv Kumar |
| 245 ## - TITLE STATEMENT | |
| Title | Sangharshaka sathi varsha; Nepali vidyarthi andolanko gaurabshali itihas |
| 260 ## - PUBLICATION, DISTRIBUTION, ETC. (IMPRINT) | |
| Place of publication, distribution, etc | Kathmandu |
| Name of publisher, distributor, etc | Saraswati Pokharel, Nepal |
| 260 ## - PUBLICATION, DISTRIBUTION, ETC. (IMPRINT) | |
| Date of publication, distribution, etc | 2064 B.S. |
| 300 ## - PHYSICAL DESCRIPTION | |
| Extent | 1023p. |
| 365 ## - TRADE PRICE | |
| Price type code | Rs.1200.00 |
| 518 ## - DATE/TIME AND PLACE OF AN EVENT NOTE | |
| Date/time and place of an event note | 20080125 |
| 530 ## - ADDITIONAL PHYSICAL FORM AVAILABLE NOTE | |
| Additional physical form available note | M |
| 650 ## - SUBJECT ADDED ENTRY--TOPICAL TERM | |
| Topical term or geographic name as entry element | Revolution |
| 650 ## - SUBJECT ADDED ENTRY--TOPICAL TERM | |
| Topical term or geographic name as entry element | Student revolution |
| 650 ## - SUBJECT ADDED ENTRY--TOPICAL TERM | |
| Topical term or geographic name as entry element | Rana rules |
| 651 ## - SUBJECT ADDED ENTRY--GEOGRAPHIC NAME | |
| Geographic name | Nepal |
| 942 ## - ADDED ENTRY ELEMENTS (KOHA) | |
| Koha item type | General Collections |
| Withdrawn status | Lost status | Source of classification or shelving scheme | Damaged status | Not for loan | Home library | Current library | Date acquired | Total Checkouts | Full call number | Barcode | Date last seen | Price effective from | Koha item type | Shelving location |
|---|---|---|---|---|---|---|---|---|---|---|---|---|---|---|
| Dewey Decimal Classification | Tribhuvan University Central Library | Tribhuvan University Central Library | 06/20/2010 | N321.094/D237s N | 131472 | 06/20/2010 | 06/20/2010 | General Collections | ||||||
| Dewey Decimal Classification | Tribhuvan University Central Library | Tribhuvan University Central Library | 06/20/2010 | N321.094/D237s N | 131473 | 06/20/2010 | 06/20/2010 | General Collections | ||||||
| Dewey Decimal Classification | Tribhuvan University Central Library | Tribhuvan University Central Library | 09/21/2023 | N321.094/D237s | G91074 | 09/21/2023 | 09/21/2023 | General Collections | New Building | |||||
| Dewey Decimal Classification | Tribhuvan University Central Library | Tribhuvan University Central Library | 09/21/2023 | N321.094/D237s | G91075 | 09/21/2023 | 09/21/2023 | General Collections | New Building |
